|
|
|
|
| LEADER |
02491nam a2200421 i 4500 |
| 001 |
20237539 |
| 003 |
BD-DhAAL |
| 005 |
20260521110633.0 |
| 008 |
180103s2018 nyua b 001 0 eng c |
| 010 |
|
|
|a 2018000104
|
| 020 |
|
|
|a 9781501725845
|
| 020 |
|
|
|a 9781501725852
|
| 020 |
|
|
|a 9781501725869
|
| 035 |
|
|
|a 20237539
|
| 040 |
|
|
|a NIC/DLC
|b eng
|c NIC
|e rda
|d DLC
|d BD-DhAAL
|
| 042 |
|
|
|a pcc
|
| 043 |
|
|
|a a-ja---
|
| 050 |
0 |
0 |
|a HC465.C6
|b S745 2018
|
| 082 |
0 |
0 |
|a 363.7280952
|2 23
|
| 100 |
1 |
|
|a Siniawer, Eiko Maruko,
|e author.
|9 60956
|
| 245 |
1 |
0 |
|a Waste :
|b consuming postwar Japan /
|c Eiko Maruko Siniawer.
|
| 260 |
|
|
|a Ithaca ;
|b London :
|c Cornell University Press,
|g 2018.
|
| 300 |
|
|
|a x, 398 pages :
|b illustrations ;
|c 24 cm
|
| 500 |
|
|
|a First published 2018
|
| 504 |
|
|
|a Includes bibliographical references (pages 307-387) and index.
|
| 505 |
0 |
|
|a Introduction : meaning and value in the everyday -- Imperatives of waste -- Better living through consumption -- Wars against waste -- A bright stinginess -- Consuming desires -- Living the good life? -- Battling the time thieves -- Greening consciousness -- We are all waste conscious now -- Sorting things out -- Afterword : waste and well-being.
|
| 520 |
|
|
|a "A history of the many and changing ideas of waste in Japan from the mid-1940s to the present"--
|c Provided by publisher.
|
| 526 |
8 |
|
|a AAL
|
| 541 |
1 |
|
|a Donated by Embassy of Japan in Bangladesh, Read Japan Project 2025, The Tokyo Foundation, supported by The Nippon Foundation.
|e 45813
|
| 650 |
|
0 |
|a Consumption (Economics)
|x Social aspects
|z Japan
|x History.
|9 60957
|
| 650 |
|
0 |
|a Waste minimization
|z Japan
|x History.
|9 60958
|
| 650 |
|
0 |
|a Refuse and refuse disposal
|x Social aspects
|z Japan
|x History.
|9 60959
|
| 651 |
|
0 |
|a Japan
|x Economic conditions
|y 1945-
|9 8521
|
| 651 |
|
0 |
|a Japan
|x Social conditions
|y 1945-
|9 60526
|
| 776 |
0 |
8 |
|i Online version:
|a Siniawer, Eiko Maruko, author.
|t Waste
|d Ithaca : Cornell University Press, 2018
|z 9781501725852
|w (DLC) 2018000993
|
| 942 |
|
|
|2 ddc
|c BK
|
| 999 |
|
|
|c 48008
|d 48008
|
| 952 |
|
|
|0 0
|1 0
|2 ddc
|4 0
|6 363_728095200000000_SIN
|7 0
|9 79255
|a BRACUL
|b BRACUL
|d 2026-05-21
|e Donated by Embassy of Japan in Bangladesh, Read Japan Project 2025, The Tokyo Foundation, supported by The Nippon Foundation.
|l 0
|o 363.7280952 SIN
|p 3010045813
|r 2026-05-21
|t 1
|w 2026-05-21
|y BK
|x Donated copy received from Embassy of Japan in Bangladesh, Read Japan Project 2025, The Tokyo Foundation, supported by The Nippon Foundation on 08 April 2026; $21.64 Amazon.com
|